000
00278nam a22001337a 4500
020
_a
978-81-264-4938-5
082
_a
920
_b
THO/S
100
_a
THOMAS,K.V
245
_a
SONIA
260
_a
KERALA
_b
DC BOOKS
300
_a
110
650
_a
ABOUT SONIA GANDHI
_z
KERALA
942
_c
BK
999
_c
5677
_d
5677